<?xml version="1.0" encoding="UTF-8"?><?xml-stylesheet type="text/xsl" href="static/style.xsl"?><OAI-PMH xmlns="http://www.openarchives.org/OAI/2.0/" xmlns:xsi="http://www.w3.org/2001/XMLSchema-instance" xsi:schemaLocation="http://www.openarchives.org/OAI/2.0/ http://www.openarchives.org/OAI/2.0/OAI-PMH.xsd"><responseDate>2026-04-26T21:57:43Z</responseDate><request verb="GetRecord" identifier="oai:uvadoc.uva.es:10324/73404" metadataPrefix="marc">https://uvadoc.uva.es/oai/request</request><GetRecord><record><header><identifier>oai:uvadoc.uva.es:10324/73404</identifier><datestamp>2025-03-26T19:45:18Z</datestamp><setSpec>com_10324_5262</setSpec><setSpec>com_10324_5186</setSpec><setSpec>com_10324_29291</setSpec><setSpec>col_10324_73387</setSpec></header><metadata><record xmlns="http://www.loc.gov/MARC21/slim" xmlns:doc="http://www.lyncode.com/xoai" xmlns:xsi="http://www.w3.org/2001/XMLSchema-instance" xmlns:dcterms="http://purl.org/dc/terms/" xsi:schemaLocation="http://www.loc.gov/MARC21/slim http://www.loc.gov/standards/marcxml/schema/MARC21slim.xsd">
<leader>00925njm 22002777a 4500</leader>
<datafield tag="042" ind1=" " ind2=" ">
<subfield code="a">dc</subfield>
</datafield>
<datafield tag="720" ind1=" " ind2=" ">
<subfield code="a">Marcos Madruga, Florencio de</subfield>
<subfield code="e">author</subfield>
</datafield>
<datafield tag="260" ind1=" " ind2=" ">
<subfield code="c">2025</subfield>
</datafield>
<datafield tag="520" ind1=" " ind2=" ">
<subfield code="a">La implementación de un sistema de transmisión de las condenas a penas privativas de libertad como consecuencia de la Decisión Marco 2008/909/JAI en el ámbito de la UE supone un importante paso en la consolidación del denominado Tercer Pilar, si bien la falta de homogeneidad de los sistemas penales de los Estados miembros genera importantes disfunciones que pueden poner en tela de juicio el principio de reconocimiento mutuo. En este trabajo se abordan diversos problemas que surge en la aplicación de esta normativa, especialmente en la ejecución de la condena transmitida, con especial referencia a las dudas que pueden surgir en las relaciones con Portugal.</subfield>
</datafield>
<datafield tag="024" ind2=" " ind1="8">
<subfield code="a">Revista de Estudios Europeos; Núm. 85 (2025) pags. 171-199</subfield>
</datafield>
<datafield tag="024" ind2=" " ind1="8">
<subfield code="a">2530-9854</subfield>
</datafield>
<datafield tag="024" ind2=" " ind1="8">
<subfield code="a">https://uvadoc.uva.es/handle/10324/73404</subfield>
</datafield>
<datafield tag="024" ind2=" " ind1="8">
<subfield code="a">10.24197/ree.85.2025.171-199</subfield>
</datafield>
<datafield tag="024" ind2=" " ind1="8">
<subfield code="a">171</subfield>
</datafield>
<datafield tag="024" ind2=" " ind1="8">
<subfield code="a">85</subfield>
</datafield>
<datafield tag="024" ind2=" " ind1="8">
<subfield code="a">199</subfield>
</datafield>
<datafield tag="245" ind1="0" ind2="0">
<subfield code="a">El reconocimiento mutuo de sentencias privativas de libertad en la Unión Europea. Problemas en su aplicación. Especial referencia a Portugal</subfield>
</datafield>
</record></metadata></record></GetRecord></OAI-PMH>